Devinez la Capitale Mystère #45 - Statistiques

Statistiques générales
  • Ce quiz a été pris 191 fois
  • Le résultat moyen est 29 sur 37
Statistiques - réponses
Type de Réponse Réponse % Correct
Lettre de l'Alphabet A
100%
Lettre de l'Alphabet I
100%
Lettre Trouvée O
100%
Lettre de l'Alphabet S
100%
Lettre Trouvée E
99%
Lettre de l'Alphabet N
99%
Lettre Trouvée R
99%
Lettre Trouvée L
98%
Lettre Trouvée B
97%
Lettre de l'Alphabet T
97%
Lettre de l'Alphabet D
93%
Lettre Trouvée M
91%
Lettre de l'Alphabet P
91%
Lettre Trouvée G
88%
Lettre Trouvée U
87%
Lettre de l'Alphabet H
86%
Lettre de l'Alphabet K
84%
Lettre de l'Alphabet C
83%
Lettre de l'Alphabet W
82%
Lettre Bien Placée L
77%
Lettre de l'Alphabet V
76%
Lettre Bien Placée U
74%
Lettre Bien Placée E
71%
Lettre de l'Alphabet Y
69%
Lettre de l'Alphabet J
68%
Lettre Bien Placée B
63%
Lettre Bien Placée R
63%
Lettre Bien Placée O
61%
Lettre Trouvée X
61%
Lettre de l'Alphabet Z
61%
Lettre de l'Alphabet F
58%
Lettre Bien Placée M
55%
Lettre de l'Alphabet Q
54%
Lettre Bien Placée U
54%
Lettre Bien Placée X
52%
Lettre Bien Placée G
50%
Capitale Mystère Luxembourg
50%
Aucun quiz correspondant
Distribution des résultats
% des personnes avec chaque résultat
Percentile par nombre de réponses
Votre historique - résultats
Vous n’avez pas pris ce quiz